000 00513cam a2200169ua 4500
020 _c17.00
041 _aeng
_h
082 _a304.6
_bHER/CR
100 _aHertzler., J.O .
245 _aCrisis in world population : Asociological examination with special reference to the underdeveloped areas /
_cJ.O.Hertzler.
_hTextual Documents
260 _a :
_bLincoln : University of Nebraska press ,
_c1956.
300 _a279 :
_b` ; .
365 _a17.00
504 _a
942 _cBK
999 _c1744
_d1744